| 000 | | | 11358cmc2a2200397#x 450 |
| 001 | | | 84c37778-1ac7-4e18-9ee2-498ff9959da2 |
| 005 | | | 20240321143346.0 |
| 100 | ## | $a | 20160203l18891889u##a0rusy0189 ## |
| 101 | 0# | $a | rus |
| 102 | ## | $a | RU |
| 106 | ## | $a | s |
| 116 | ## | $a | fiybxx####zz####zz |
| 122 | 0# | $a | d18750518## |
| 135 | ## | $a | crbn#024auada |
| 139 | ## | $a | ua## |
| | $x | jpg |
| 200 | 1# | $a | Чествование М. П. Беляева по случаю пятилетия создания Русских симфонических концертов. Слева направо: В. В. Стасов, К. Ф. Антипов, С. М. Блюменфельд, А. Н. Антипов, А. А. Копылов, А. К. Лядов, Н. А. Лавров, Ф. М. Блюменфельд, С. А. Дианин, Ц. А. Кюи, Н. А. Арцыбушев, П. А. Трифонов, Н. А. Римский-Корсаков, М. П. Беляев, Н. А. Соколов, А. К. Глазунов, А. А. Петров, Я. Витоль |
| | $e | [фотография] |
| | $f | М. М. Курбанов |
| | $j | 1889 |
| 215 | ## | $c | Фотопечать, черно-белая |
| | $d | 17х20,5 см |
| 225 | 1# | $a | Фонд Римский-Корсаков Н. А. |
| | $e | Ф. 7 (бывший "А"), ед. хр. 1768*, 1852-1954 гг. |
| | $h | Опись № 3 (Иконография-3) |
| 251 | ## | $c | Документ |
| 300 | ## | $a | Заглавие из сопроводительного документа |
| 316 | ## | $a | На обороте фотографии штампы и рукописные пометы |
| | $5 | КР РИИИ |
| 325 | ## | $a | Электронная репродукция (2 файла, 300 dpi, JPEG, 6,5 МБ) |
| 327 | 1# | $a | Групповая фотография |
| 337 | ## | $a | Режим доступа: интернет-портал Президентской библиотеки имени Б. Н. Ельцина |
| 371 | ## | $a | Копирование пользователями не разрешается |
| 600 | #1 | $a | Стасов |
| | $g | Владимир Васильевич |
| | $b | В.В. |
| | $f | 1824 - 1906 |
| | $j | Фотографии |
| | $2 | nlr_sh1 |
| | $3 | RU\NLR\AUTH\66513479 |
| 600 | #1 | $a | Копылов |
| | $g | Александр Александрович |
| | $b | А. А. |
| | $f | 1854 - 1911 |
| | $j | Фотографии |
| | $2 | prlib_sh |
| | $3 | LIBNET\UAF\0000061805 |
| 600 | #1 | $a | Лядов |
| | $g | Анатолий Константинович |
| | $b | А.К. |
| | $f | 1855 - 1914 |
| | $j | Фотографии |
| | $2 | nlr_sh1 |
| | $3 | RU\NLR\AUTH\66672704 |
| 600 | #1 | $a | Римский-Корсаков |
| | $g | Николай Андреевич |
| | $b | Н.А. |
| | $f | 1844 - 1908 |
| | $j | Фотографии |
| | $2 | nlr_sh |
| | $3 | RU\NLR\AUTH\66370463 |
| 600 | #1 | $a | Беляев |
| | $g | Митрофан Петрович |
| | $b | М.П. |
| | $f | 1836 - 1904 |
| | $j | Фотографии |
| | $2 | prlib_sh |
| | $3 | LIBNET\UAF\0000061802 |
| 600 | #1 | $a | Глазунов |
| | $g | Александр Константинович |
| | $b | А.К. |
| | $f | 1865 - 1936 |
| | $j | Фотографии |
| | $2 | nlr_sh1 |
| | $3 | RU\NLR\AUTH\66405123 |
| 600 | #1 | $a | Витоль |
| | $g | Иосиф Иванович |
| | $b | И. И. |
| | $f | 1863 - 1948 |
| | $j | Фотографии |
| | $2 | prlib_sh |
| | $3 | LIBNET\UAF\0000061804 |
| 600 | #1 | $a | Кюи |
| | $g | Цезарь Антонович |
| | $b | Ц.А. |
| | $f | 1835 - 1918 |
| | $j | Фотографии |
| | $2 | nlr_sh1 |
| | $3 | RU\NLR\AUTH\66612211 |
| 600 | #1 | $a | Блуменфельд |
| | $g | Феликс Михайлович |
| | $b | Ф.М. |
| | $f | 1863 - 1931 |
| | $j | Фотографии |
| | $2 | nlr_sh1 |
| | $3 | RU\NLR\AUTH\66163565 |
| 600 | #1 | $a | Блуменфельд |
| | $g | Сигизмунд Михайлович |
| | $b | С. М. |
| | $f | 1852 - 1920 |
| | $j | Фотографии |
| | $2 | prlib_sh |
| | $3 | LIBNET\UAF\0000061808 |
| 600 | #1 | $a | Соколов |
| | $g | Николай Александрович |
| | $b | Н. А. |
| | $f | 1859 - 1922 |
| | $j | Фотографии |
| | $2 | prlib_sh |
| | $3 | LIBNET\UAF\0000061809 |
| 600 | #1 | $a | Трифонов |
| | $g | Порфирий Алексеевич |
| | $b | П. А. |
| | $f | 1844 - 1896 |
| | $j | Фотографии |
| | $2 | prlib_sh |
| | $3 | LIBNET\UAF\0000061810 |
| 605 | ## | $2 | acquisition_Prlib |
| | $3 | DITM\AF\0000003834 |
| | $a | Народ |
| | $l | коллекция |
| 605 | ## | $2 | acquisition_Prlib |
| | $3 | DITM\AF\0000004166 |
| | $a | Россия в лицах |
| | $l | коллекция |
| 605 | ## | $a | В. В. Стасов |
| | $l | коллекция |
| | $2 | acquisition_Prlib |
| | $3 | LIBNET\UAF\0000110516 |
| 608 | ## | $2 | prlib_sh |
| | $3 | DITM\AF\0000001706 |
| | $a | Групповые фотографии |
| 686 | ## | $a | 85.313(2=411.2)52я01 |
| | $v | LBC/M |
| | $2 | rubbk |
| 686 | ## | $a | 85.313(2=411.2)52я611 |
| | $v | LBC/M |
| | $2 | rubbk |
| 700 | #1 | $3 | LIBNET\UAF\0000061784 |
| | $a | Курбанов |
| | $b | М. М. |
| | $f | 1857-1941 |
| | $g | Михаил Михайлович |
| 801 | #0 | $a | RU |
| | $b | ПБ им. Б.Н. Ельцина |
| | $c | 20160203 |
| 801 | #1 | $a | RU |
| | $b | ПБ им. Б.Н. Ельцина |
| | $c | 20160203 |
| | $2 | rusmarc |
| 801 | #2 | $a | RU |
| | $b | ПБ им. Б.Н. Ельцина |
| | $c | 20160203 |
| | $g | RCR |
| | $2 | rusmarc |
| 850 | ## | $a | Кабинет рукописей Российского института истории искусств |
| 852 | ## | $a | КР РИИИ |
| | $j | Ед. хр. 965 |
| 035 | ## | $a | LIBNET\0000629657 |
| 937 | ## | $d | 55333472 |
| | $h | ПБ |
| 461 | #0 | $1 | 00173e3603d-35c3-4867-8f14-2ff4d5f6369d |
| | $1 | 2001 |
| | $a | Римский-Корсаков Н. А. |
| | $1 | 251 |
| | $c | Фонд |
| | $1 | 852 |
| | $j | 7 |
| 462 | #0 | $1 | 0015e05fd66-67d1-49c8-9ffd-5664b437000b |
| | $1 | 2000 |
| | $a | Оп. 1 |
| | $v | Ед. хр. 965 |
| | $1 | 251 |
| | $c | Опись |
| | $1 | 852 |
| | $j | 1 |
| 606 | 1# | $a | Музыканты русские |
| | $j | Фотографии |
| | $z | 19 - 20 вв. |
| | $2 | nlr_sh |
| | $3 | RU\NLR\AUTH\661463459 |
| 606 | 1# | $a | Деятели культуры |
| | $j | Фотографии |
| | $y | Россия |
| | $2 | nlr_sh |
| | $3 | RU\NLR\AUTH\6601540828 |
| 601 | 02 | $a | Беляевский кружок |
| | $c | Санкт-Петербург, город |
| | $j | Фотографии |
| | $2 | prlib_sh |
| | $3 | LIBNET\UAF\0000061807 |
| 856 | 4# | $u | http://www.prlib.ru/Lib/pages/item.aspx?itemid=138858 |